000 00886cam a2200253 4500
008 000000n1999 000 0 eng u
020 _a0582312221
035 _a(Sirsi) u102772
050 _a624.171
100 _aBhatt, P.
245 _aStructures.
260 _aHarlow, Essex
_bAddison Wesley Longman Ltd.
_c1999
300 _ax, 597p. ; 25cm.
350 _a22.95
520 _aA clear and practical guide enables practioners and students to understand thoroughly the techniques available to predict and analyse stress in any structure. Explainations of theory are applied to real structures and practical situations.
650 _aSTRUCTURAL ENGINEERING
650 _aSTRESS SYSTEMS
650 _aSTRUCTURAL DEFECTS
650 _aCIVIL ENGINEERING
650 _aDESIGN
690 _aBUILT ENVIRONMENT-CONSTRUCTION DESIGN
700 _aNelson, H.M
942 _n0
999 _c100061
_d100061